Welcome to CU Library Online Public Access Catalogue (OPAC)

Limnology / (Record no. 1987)

MARC details
000 -LEADER
fixed length control field 00510pam a2200193 i 4500
001 - CONTROL NUMBER
control field 1734451
005 - DATE AND TIME OF LATEST TRANSACTION
control field 20241209112058.0
008 - FIXED-LENGTH DATA ELEMENTS--GENERAL INFORMATION
fixed length control field 750305s1975 paua b 001 0 eng
020 ## - INTERNATIONAL STANDARD BOOK NUMBER
International Standard Book Number 0721692400
050 00 - LIBRARY OF CONGRESS CALL NUMBER
Classification number QH96
Item number .W47
082 00 - DEWEY DECIMAL CLASSIFICATION NUMBER
Classification number 551.4/82
100 1# - MAIN ENTRY--PERSONAL NAME
Personal name Wetzel, Robert G.
245 10 - TITLE STATEMENT
Title Limnology /
Statement of responsibility, etc. Robert G. Wetzel.
260 ## - PUBLICATION, DISTRIBUTION, ETC.
Place of publication, distribution, etc. Philadelphia :
Name of publisher, distributor, etc. W. B. Saunders Company
Date of publication, distribution, etc. 1975.
300 ## - PHYSICAL DESCRIPTION
Extent xii, 743 p. :
Other physical details ill. ;
Dimensions 26 cm.
500 ## - GENERAL NOTE
General note Includes index.
650 #0 - SUBJECT ADDED ENTRY--TOPICAL TERM
Topical term or geographic name entry element Limnology.
942 ## - ADDED ENTRY ELEMENTS (KOHA)
Source of classification or shelving scheme Library of Congress Classification
Koha item type Books
Suppress in OPAC No
999 ## -
-- 1987
-- 1987
Holdings
Withdrawn status Lost status Source of classification or shelving scheme Damaged status Not for loan Collection Home library Current library Shelving location Date acquired Total checkouts Full call number Barcode Date last seen Copy number Price effective from Koha item type
    Library of Congress Classification     Non-fiction Science Library (Miotso) Science Library (Miotso) General stacks 12/09/2024   QH96 .W47 WET SLM00001172 12/09/2024 1 12/09/2024 Books
© 2023-2024 Copyright: Central University Libraries. All Rights Reserved | Created by: Mahone Tech Office